LIBRARY & INFORMATION CENTRE, KCAET, TAVANUR

ONLINE PUBLIC ACCESS CATALOGUE (OPAC)

Fundamentals of library organization and administration: A practical guide / (Record no. 9037)

MARC details
000 -LEADER
fixed length control field 00499cam a2200169ua 4500
041 ## - LANGUAGE CODE
Language code of text/sound track or separate title eng
082 ## - DEWEY DECIMAL CLASSIFICATION NUMBER
Classification number 027.006
Item number COR/FU
100 ## - MAIN ENTRY--AUTHOR NAME
Personal name Corbett, Edmund Victor .
245 ## - TITLE STATEMENT
Title Fundamentals of library organization and administration: A practical guide /
260 ## - PUBLICATION, DISTRIBUTION, ETC. (IMPRINT)
Place of publication New Delhi :
Name of publisher Oxford & IBH Publishing company ,
Year of publication 1979.
300 ## - PHYSICAL DESCRIPTION
Number of Pages 292 ; .
942 ## - ADDED ENTRY ELEMENTS (KOHA)
Koha item type Books
Holdings
Withdrawn status Lost status Damaged status Home library Current library Date acquired Full call number Accession Number Koha item type
      KAUAET KAUAET 07/04/2012 027.006 14711 Reference
free website counter